Języki urzędowe tych krajów (Ameryka Pł) - Statystyki

Ogólne statystyki
  • Ten quiz został rozwiązany 62 razy
  • Średni wynik to 11 z 12
Statystyki odpowiedzi
Państwo Język % Poprawnych
Argentyna Hiszpański
98%
Chile Hiszpański
98%
Brazylia Portugalski
98%
Wenezuela Hiszpański
96%
Kolumbia Hiszpański
96%
Ekwador Hiszpański
96%
Urugwaj Hiszpański
96%
Paragwaj Hiszpański / Guarani
96%
Peru Hiszpański / Keczua
96%
Boliwia Hiszpański / Keczua / Ajmara
96%
Surinam Holenderski
85%
Gujana Angielski
83%
Nie znaleziono quizów pasujących do podanych kryteriów
Rozkład punktacji
Procent ludzi z każdym wynikiem
Percentyl według liczby udzielonych odpowiedzi
Twoja historia wyników
Nie rozwiązałeś tego quizu